How to read shop drawing : with special reference to welding and welding symbols.
সংরক্ষণ করুন:
| সংস্থা লেখক: | |
|---|---|
| বিন্যাস: | গ্রন্থ |
| ভাষা: | English |
| প্রকাশিত: |
Cleveland,
1961.
|
| বিষয়গুলি: | |
| ট্যাগগুলো: |
ট্যাগ যুক্ত করুন
কোনো ট্যাগ নেই, প্রথমজন হিসাবে ট্যাগ করুন!
|
MARC
| LEADER | 00000nam a2200000Ia 4500 | ||
|---|---|---|---|
| 003 | 001849 | ||
| 005 | 20221231143934.0 | ||
| 008 | 140114s1961 us a 000 ||eng d | ||
| 040 | |c cru CEDI | ||
| 082 | |a 744.5 L741h | ||
| 110 | |9 20844 |a Lincoln Electric Company | ||
| 245 | |a How to read shop drawing : with special reference to welding and welding symbols. | ||
| 260 | |a Cleveland, |c 1961. | ||
| 300 | |a 187 páginas : ilustraciones ; 28 cm | ||
| 500 | |a Welding symbols as standardized by the American Welding Society. | ||
| 650 | |x SOLDADURA |x DIBUJO TECNICO |9 20845 | ||
| 942 | |2 ddc |c BK | ||
| 999 | |c 14522 |d 14522 | ||
